Rural Urban Migration in Andhra Pradesh: (Record no. 38511)
[ view plain ]
| 000 -LEADER | |
|---|---|
| fixed length control field | 00622nam a2200133 4500 |
| 082 ## - DEWEY DECIMAL CLASSIFICATION NUMBER | |
| Classification number | RR.0350 |
| 100 ## - MAIN ENTRY--AUTHOR NAME | |
| Personal name | Raja, V. Anji |
| Affiliation | Institute of Public Enterprise, Osmania University |
| Place | Hyderabad, Andhra Pradesh |
| 245 ## - TITLE STATEMENT | |
| Title | Rural Urban Migration in Andhra Pradesh: |
| Sub Title | a study on socio-economic impact on the families of migratory farmers/ |
| Statement of responsibility, etc | V. Anji Raja |
| 260 ## - PUBLICATION, DISTRIBUTION, ETC. (IMPRINT) | |
| Place of publication | Hyderabad, Andhra Pradesh: |
| Name of publisher/Sponsor | Indian Council of Social Science Research, |
| 300 ## - PHYSICAL DESCRIPTION | |
| Number of Pages | vii, 102p. |
| 536 ## - FUNDING INFORMATION NOTE | |
| Funding Agency | Indian Council of Social Science Research |
| 650 ## - SUBJECT ADDED ENTRY--TOPICAL TERM | |
| Topical Term | Rural Urban Migration |
| -- | Farmer Migration |
| General subdivision | Migration, Internal |
| Geographic subdivision | Andhra Pradesh |
| 942 ## - ADDED ENTRY ELEMENTS (KOHA) | |
| Source of classification or shelving scheme | Dewey Decimal Classification |
| Koha item type | Books |
| Withdrawn status | Lost status | Damaged status | Not for loan | Collection code | Home library | Current library | Date acquired | Source of acquisition | Full call number | Accession Number | Price effective from | Koha item type |
|---|---|---|---|---|---|---|---|---|---|---|---|---|
| Not For Loan | Major Research Project Reports | NASSDOC Library | NASSDOC Library | 23/06/2023 | Research Report Division | RR.0350 | 53733 | 23/06/2023 | Research Reports |
